SpongeBob Episodes: Squidward or Not Quiz Stats

 Plays Quiz Updated Jan 26, 2015

Score 0/30 Timer 04:00
4 Plays Today
Episode Squidward (S) or Not (N) % Correct
Krabby Land???
65.7%
Hooky???
65%
Frankendoodle???
64.7%
Your Shoe's Untied???
64.3%
One Krab's Trash???
64.1%
Sandy, SpongeBob and the Worm???
62.8%
Wormy???
62.5%
Mid-Life Crustacean???
61.8%
Big Pink Loser???
61%
The Smoking Peanut???
60.9%
Krusty Love???
60.8%
Mermaid Man and Barnacle Boy???
59%
Chocolate With Nuts???
57.3%
Sandy's Rocket???
57.2%
Wet Painters???
53.9%
Episode Squidward (S) or Not (N) % Correct
Tea at the Treedome???
52.3%
Hall Monitor???
51.6%
No Weenies Allowed???
49%
The Secret Box???
45.7%
I'm Your Biggest Fanatic???
45.5%
Rock-a-Bye Bivalve???
43.7%
Life of Crime???
43.6%
The Fry Cook Games???
43%
Dumped???
42.3%
Neptune's Spatula???
39.8%
Jellyfish Hunter???
38.8%
Mermaid Man and Barnacle Boy II???
38.6%
Arrgh!???
38.3%
Squirrel Jokes???
34.5%
Nasty Patty???
34.3%

You're not logged in!

Compare scores with friends on all Sporcle quizzes.
OR
Log In

Sporcle TV

Today on Sporcle TV


Watch our educational content, quiz creation guides, and fun videos on Sporcle TV.

Show Comments

Extras

Top Quizzes Today


Score Distribution

Your Account Isn't Verified!

In order to create a playlist on Sporcle, you need to verify the email address you used during registration. Go to your Sporcle Settings to finish the process.

Report this User

Report this user for behavior that violates our Community Guidelines.

Details: